Medzinárodný menový fond (MMF) a jeho úloha v súčasnom rozvoji medzinárodného obchodu bakalárska práca

Salvato in:
Dettagli Bibliografici
Autore principale: Lukáčová, Kristína
Ente Autore: Obchodná fakulta EU. Katedra medzinárodného obchodu
Altri autori: Krajčíková, Andrea
Natura: Libro
Lingua:slovacco
Pubblicazione: Bratislava 2018
Tags: Aggiungi Tag
Nessun Tag, puoi essere il primo ad aggiungerne!!

MARC

LEADER 00000nbm a2200000 4500
001 0245060
005 20180926143726.2
041 0 |a slo 
044 |a SK 
245 1 0 |a Medzinárodný menový fond (MMF) a jeho úloha v súčasnom rozvoji medzinárodného obchodu  |b bakalárska práca  |c Kristína Lukáčová ; školiteľ: Andrea Krajčíková 
264 1 |a Bratislava  |c 2018 
300 |a 48 s. 
100 1 |a Lukáčová, Kristína 
700 1 |a Krajčíková, Andrea 
710 2 |a Obchodná fakulta EU. Katedra medzinárodného obchodu